| 000 | 00840nam a2200205 i 4500 | ||
|---|---|---|---|
| 001 | 26368 | ||
| 003 | ES-MaACL | ||
| 005 | 20230906153430.0 | ||
| 007 | t| | ||
| 008 | 030109s1886 sp ||||1| spa d | ||
| 100 | 1 |
_aArtigas y Teixidor, Primitivo. _923476 |
|
| 245 | 1 | 3 |
_aLa fiesta del Ramio en Torroella de Montgrí / _cPrimitivo Artigas y Teixidor. |
| 260 |
_aMadrid : _b[s.n.], _c1886 ( _ffImp. Moreno y Rojas) |
||
| 300 |
_a15 p. ; _c25 cm. |
||
| 530 | _aDisponible también en sitio web. | ||
| 650 | 4 |
_aFiestas- _zTorroella de Montgrí. _9149911 |
|
| 650 | 4 |
_aRamio. _9136803 |
|
| 852 |
_aES-MaACL _jT-831-F-11 _z.- Enc. en un vol. facticio conservando la enc. original _z.- Ded. ms. del autor |
||
| 856 |
_uhttp://bibliotecadigitalhispanica.bne.es:80/webclient/DeliveryManager?pid=1680752&custom_att_2=simple_viewer _zIr a la página |
||
| 999 |
_c26368 _d26368 |
||